000 00537nam a2200169 4500
001 116869
003 ES-MaACL
005 20230906190801.0
007 t|
008 061121s1916 it r ||||1| ita d
100 1 _aPende, Nicola.
_990160
245 1 0 _aEndocrinologia
_b: patologia e clinica degli organi a secrezione interna /
_cNicola Pende ; prefazione G. Viola.
260 _aMilano :
_bFrancesco Vallardi,
_c1916.
300 _aXIV, 1034 p., 25 lám. ;
_c23 cm.
700 1 _aViola, G.
_9115408
852 _aES-MaACL
_jB-11570-71
999 _c116869
_d116869